Statistics for Who sang these songs with countries in the title?

Click here to take the quiz!

General Stats

  • This quiz has been taken 35 times
  • The average score is 5 of 12

Answer Stats

No.SongAnswer% Correct
2Born in the USABruce Springsteen
97%
1Anarchy in the UKSex Pistols
94%
8Back in the USSRThe Beatles
88%
4Walk Like an EgyptianThe Bangles
85%
6China GirlDavid Bowie
74%
3Lost in FranceBonnie Tyler
21%
5Big in JapanAlphaville
18%
10Holidays in CambodiaDead Kennedys
18%
12Don't Cry for me ArgentinaJulie Covington
3%
11IsraelSiouxsie and the Banshees
3%
9EthiopiaRed Hot Chili Peppers
0%
7SwitzerlandShop Assistants
0%

Score Distribution

Percentile by Number Answered

Percent of People with Each Score

Your Score History

You have not taken this quiz